| 000 | 00488nam a22001697a 4500 | ||
|---|---|---|---|
| 005 | 20240417161925.0 | ||
| 008 | 240417b |||||||| |||| 00| 0 eng d | ||
| 020 | _a9788131709306 | ||
| 082 |
_a621.382 _bTomasi, wayna |
||
| 100 | _aWayne Tomsi | ||
| 245 |
_aIntroduction to data communications and networking / _cWayne Tomsi |
||
| 260 |
_aindia: _bPearson; _c2007. |
||
| 300 |
_a984 p. : _bill; _c23 cm. |
||
| 500 | _ainclude index. | ||
| 650 | _acomputer science/Database | ||
| 999 |
_c35543 _d35543 |
||